Página 12 [juego] : para jugar a diario /
Guardado en:
| Formato: | Objeto Físico |
|---|---|
| Publicado: |
Argentina :
Edukit,
1990.
|
| Materias: | |
| Etiquetas: |
Agregar Etiqueta
Sin Etiquetas, Sea el primero en etiquetar este registro!
|
| LEADER | 00772nrm a22001575g 4500 | ||
|---|---|---|---|
| 001 | CEM.cems019181 | ||
| 008 | 130507s1990##################0###0#####d | ||
| 005 | 20220829202945.0 | ||
| 003 | CEMS | ||
| 245 | 0 | 0 | |a Página 12 [juego] : |b para jugar a diario / |c Edukit. |
| 260 | |a Argentina : |b Edukit, |c 1990. | ||
| 300 | |a 1 juego (1 tablero, 1 dado, 4 fichas, 600 tarjetas-p.reguntas divididas p.or grup.os de 50 en 12 temas de secciones del diario) ; 47 x 35 x 7 cm. + manual de instrucciones | ||
| 500 | |a Para 2 a 4 jugadores o equipos adultos objetivo: armar su propio diario, que constará de 12 páginas reflejando las secciones del diario Página/12. | ||
| 082 | 0 | 4 | |a J793.73 |
| 653 | |a 1. juegos de preguntas y respuestas | ||
| 859 | |a CEMS |b BIB. CEMS - Ludoteca |h J793.73 |i Ed84 |p 082.92 |t Ej.1 | ||
